| 000 | 01285nam2a2200277 4500 | ||
|---|---|---|---|
| 001 | rc\2821306 | ||
| 005 | 20260315044436.0 | ||
| 035 | _a(NLR Aleph) 006979723 | ||
| 090 |
_a13568873 _c13568873 |
||
| 100 | _a20110622d1927 u y0rusy50 ca | ||
| 101 | 1 |
_arus _cger |
|
| 102 | _aRU | ||
| 105 | _aa z ||||| | ||
| 200 | 0 | _aЧасть 2 | |
| 210 | _d1927 | ||
| 215 |
_a144 с. _cил., черт. |
||
| 300 | _aНа обороте тит. л.: "A. Bond. Bei den helden der technik" | ||
| 300 | _aОбл.: С[ергей] Пожарский | ||
| 461 | 0 |
_1001rc\2821304 _12000#$aУ героев техники$e[Повесть]$eС 65 рис. в тексте.$fА. Бонд$gПер. с нем. К. Михайловой$vЧасть 2 _1700#1$aБонд$bА.Р.$gАлександр Руссель$f1876- _95519141 _aБонд, А.Р. (1876-) _cЛенинград _d1927 _fА. Бонд _nизд-во "Книга" _o[Повесть] : С 65 рис. в тексте. Часть 1- _tУ героев техники _vЧасть 2 |
|
| 702 | 1 |
_4570 _7ca _8rus _aПожарский _bС. М. _f1900-1970 _gСергей Михайлович _9176742 _3RU\NLR\AUTH\770176793 |
|
| 801 | 0 |
_aRU _bNLR _gpsbo |
|
| 801 | 1 |
_aRU _bELAR _2rusmarc |
|
| 852 |
_aNLR _j43/381(2) |
||
| 942 | _cUNSPEC | ||
| 980 | _aNB | ||